| 000 | 00345nam a22001217a 4500 | ||
|---|---|---|---|
| 020 | _a9780857024206 | ||
| 050 |
_aHM571 _b.S53 2011 |
||
| 100 | _aSilverman David | ||
| 245 |
_aInterpreting Qualitative Data _bA Guide to the Principles of Qualitative Research |
||
| 260 |
_aNew Delhi _bSEGE Publication Ltd. _c1993 |
||
| 300 | _axv,500p. | ||
| 942 | _cGEN | ||
| 999 |
_c2681 _d2681 |
||